<?xml version="1.0" encoding="UTF-8"?>
<record
    xmlns:xsi="http://www.w3.org/2001/XMLSchema-instance"
    xsi:schemaLocation="http://www.loc.gov/MARC21/slim http://www.loc.gov/standards/marcxml/schema/MARC21slim.xsd"
    xmlns="http://www.loc.gov/MARC21/slim">

  <leader>03495nam a22002897a 4500</leader>
  <controlfield tag="003">DO-CoUTE</controlfield>
  <controlfield tag="005">20260516154051.0</controlfield>
  <controlfield tag="008">260516b        dr ||||| |||| 00| 0 spa d</controlfield>
  <datafield tag="040" ind1=" " ind2=" ">
    <subfield code="a">DO-CoUTE</subfield>
    <subfield code="b">spa</subfield>
    <subfield code="c">DO-CoUTE</subfield>
  </datafield>
  <datafield tag="041" ind1=" " ind2=" ">
    <subfield code="a">spa</subfield>
  </datafield>
  <datafield tag="092" ind1=" " ind2=" ">
    <subfield code="a">GEO 2025 D35 </subfield>
  </datafield>
  <datafield tag="100" ind1="1" ind2=" ">
    <subfield code="a"> De La Cruz Del Rosario, Wandy Miguel</subfield>
    <subfield code="e">Sustentante </subfield>
  </datafield>
  <datafield tag="245" ind1="1" ind2="0">
    <subfield code="a">Caracterizaci&#xF3;n Hidrogeol&#xF3;gica Del Distrito Municipal Zambrana Abajo / </subfield>
    <subfield code="c">Wandy Miguel De La Cruz Del Rosario, Solanlly Elisa Mendoza Soto, Jos&#xE9; Baudilio Hilario Castillo, Francisco Batista ; Asesor, Abel de Jes&#xFA;s Mota</subfield>
  </datafield>
  <datafield tag="260" ind1=" " ind2=" ">
    <subfield code="a">Cotu&#xED;, Rep&#xFA;blica Dominicana ; </subfield>
    <subfield code="b">UTECO, </subfield>
    <subfield code="c">2025</subfield>
  </datafield>
  <datafield tag="300" ind1=" " ind2=" ">
    <subfield code="a">154 Hojas :</subfield>
    <subfield code="b">Imagenes ; </subfield>
    <subfield code="c">23cm, </subfield>
    <subfield code="e">+ 1 CD-ROM </subfield>
  </datafield>
  <datafield tag="502" ind1=" " ind2=" ">
    <subfield code="a"> Trabajo de Grado (Ingeniero en Geolog&#xED;a ) Universidad Tecnol&#xF3;gica del Cibao Oriental, 2025.
</subfield>
  </datafield>
  <datafield tag="504" ind1=" " ind2=" ">
    <subfield code="a">Incluye referencia bibliogr&#xE1;fica e &#xED;ndice.

</subfield>
  </datafield>
  <datafield tag="520" ind1=" " ind2=" ">
    <subfield code="a">El Distrito Municipal Zambrana Abajo se encuentra a una altitud de 70 a 100
metros sobre el nivel del mar y posee una superficie de 138,01 km&#xB2;. La geolog&#xED;a superficial
del &#xE1;rea est&#xE1; dominada principalmente por la Formaci&#xF3;n Los Ranchos, aunque tambi&#xE9;n se
observan afloramientos de otras unidades geol&#xF3;gicas. En este contexto, la presente
investigaci&#xF3;n se orienta a la caracterizaci&#xF3;n hidrogeol&#xF3;gica del Distrito Municipal
Zambrana Abajo, con el prop&#xF3;sito de comprender las condiciones geol&#xF3;gicas e
hidrogeol&#xF3;gicas que controlan la disponibilidad y calidad de los recursos h&#xED;dricos
subterr&#xE1;neos.
La historia geol&#xF3;gica e hidrogeol&#xF3;gica del &#xE1;rea refleja la complejidad de la
geolog&#xED;a de la isla y los desaf&#xED;os asociados a la explotaci&#xF3;n de aguas subterr&#xE1;neas y su
calidad. En los &#xFA;ltimos a&#xF1;os, el desarrollo de la Rep&#xFA;blica Dominicana y el avance de la
hidrogeolog&#xED;a han estado marcados por la interacci&#xF3;n entre factores geol&#xF3;gicos, clim&#xE1;ticos
y estructurales, los cuales han influido en la configuraci&#xF3;n y comportamiento de los
sistemas acu&#xED;feros.
Los resultados evidencian la presencia de formaciones rocosas con distintos
grados de permeabilidad. Los dep&#xF3;sitos cuaternarios y algunas zonas fracturadas
presentan el mayor potencial acu&#xED;fero del &#xE1;rea. Asimismo, el agua subterr&#xE1;nea muestra
variaciones significativas en sus par&#xE1;metros qu&#xED;micos y en su calidad, permitiendo
identificar tanto acu&#xED;feros con buenas condiciones como fuentes potencialmente
vulnerables a procesos de contaminaci&#xF3;n, ya sea de origen natural o antr&#xF3;pico.

El modelo conceptual desarrollado proporciona un marco integral para
comprender el comportamiento del agua subterr&#xE1;nea en el Distrito Municipal Zambrana
Abajo, lo que permite identificar &#xE1;reas con potencial para nuevas perforaciones, as&#xED; como
zonas que requieren acciones correctivas por su funci&#xF3;n como sitios aportadores. En
conjunto, la investigaci&#xF3;n constituye una base cient&#xED;fica y t&#xE9;cnica para fortalecer la gesti&#xF3;n
del recurso h&#xED;drico, mejorar el acceso al agua en las comunidades rurales del distrito y
promover su uso racional y sostenible.</subfield>
  </datafield>
  <datafield tag="650" ind1=" " ind2="4">
    <subfield code="a">Caracterizaci&#xF3;n hidrogeol&#xF3;gica </subfield>
  </datafield>
  <datafield tag="700" ind1="1" ind2=" ">
    <subfield code="a">Wandy Miguel De La Cruz Del Rosario</subfield>
    <subfield code="e">Sustentante </subfield>
  </datafield>
  <datafield tag="700" ind1="1" ind2=" ">
    <subfield code="a">Solanlly Elisa Mendoza Soto</subfield>
    <subfield code="e">Sustentante </subfield>
  </datafield>
  <datafield tag="700" ind1="1" ind2=" ">
    <subfield code="a">Jos&#xE9; Baudilio Hilario Castillo</subfield>
    <subfield code="e">Sustentante </subfield>
  </datafield>
  <datafield tag="700" ind1="1" ind2=" ">
    <subfield code="a">Abel de Jes&#xFA;s Mota</subfield>
    <subfield code="e">Asesor</subfield>
  </datafield>
  <datafield tag="830" ind1=" " ind2=" ">
    <subfield code="a">Tesis y disertaciones acad&#xE9;micas (Universidad Tecnol&#xF3;gica del Cibao Oriental)</subfield>
  </datafield>
  <datafield tag="856" ind1=" " ind2=" ">
    <subfield code="y">Haga Click Aqu&#xED; para Descargar en Texto Completo</subfield>
  </datafield>
  <datafield tag="942" ind1=" " ind2=" ">
    <subfield code="2">ddc</subfield>
    <subfield code="c">TH</subfield>
  </datafield>
  <datafield tag="999" ind1=" " ind2=" ">
    <subfield code="c">24195</subfield>
    <subfield code="d">24195</subfield>
  </datafield>
  <datafield tag="952" ind1=" " ind2=" ">
    <subfield code="0">0</subfield>
    <subfield code="1">0</subfield>
    <subfield code="2">ddc</subfield>
    <subfield code="4">0</subfield>
    <subfield code="7">0</subfield>
    <subfield code="8">eT</subfield>
    <subfield code="a">BU</subfield>
    <subfield code="b">BU</subfield>
    <subfield code="c">GEN</subfield>
    <subfield code="d">2026-05-16</subfield>
    <subfield code="i">24195</subfield>
    <subfield code="l">0</subfield>
    <subfield code="o">GEO 2025 D35 </subfield>
    <subfield code="p">24195</subfield>
    <subfield code="r">2026-05-16 15:41:29</subfield>
    <subfield code="t">Ej.1</subfield>
    <subfield code="w">2026-05-16</subfield>
    <subfield code="y">TH</subfield>
  </datafield>
</record>
